• 首页
  • 本馆介绍
  • 公告通知
  • 最新文献
  • 馆藏检索
  • 电子资源
  • 读者导购
  • 参考咨询
  • 我的图书馆
  • 登录
  • 详细信息显示
  • 放入我的书架
  • 预约/预借图书
  • 作者相关作品
  • 分类相关作品
  • 丛书相关作品
  • 出版社相关作品

书目信息

  • 表格格式
  • 工作单格式
  • 卡片格式
题名:
概率论教程
    
 
作者: Б·в·格涅坚科 著 ;丁寿田 译
分册:  
出版信息: 北京   高等教育出版社  1956.07
页数: 450页
开本: 20cm
丛书名:
单 册:
中图分类: O211.1
科图分类:
主题词: 概率论 , 数理统计
电子资源:
ISBN:
000 00656nam0 2200217 450
001 0638729109
005 20070707082132.44
010    @dCNY1.60
100    @a20060727d1956 km y0chiy0120 ea
101 0  @achi@crus
102    @aCN@b110000
200 1  @a概率论教程@Agai lu lun jiao cheng@fБ·в·格涅坚科著@FБ·в·ge nie jian ke zhu@g丁寿田译@Gding shou tian yi
210    @a北京@c高等教育出版社@d1956.07
215    @a450页@d20cm
606 0  @a概率论
606 0  @a数理统计
690    @aO211.1@v3
701  0 @aБ·в·格涅坚科@AБ·в·ge nie jian ke@4著
702  0 @a丁寿田@Ading shou tian@4译
801  0 @aCN@bPFT@c20070707
905    @a10447@dO211.1@e182
    
    概率论教程/Б·в·格涅坚科著/丁寿田译.-北京:高等教育出版社,1956.07
    450页;20cm
    
    
    ISBN :CNY1.60
    
●
相关链接 在E读中查询图书 在五车中查询图书 在当当中查询图书 在豆瓣中查询图书


正题名:概率论教程     索取号:O211.1/182         预约/预借

序号 登录号 条形码 馆藏地/架位号 状态 备注
1 0442384   204423846   密集书库/ [索取号:O211.1/182] 在馆    
2 0766665   207666658   密集书库/ [索取号:O211.1/182] 在馆    
3 0766666   207666667   密集书库/ [索取号:O211.1/182] 在馆    
欢迎您!
大连网信软件有限公司© 版权所有